000 01233nam a2200217Ia 4500
999 _c35875
_d35875
003 OSt
005 20210112120236.0
008 160316s2014 xxu||||| |||| 00| 0 eng
020 _a9781107633759
040 _cNLS
082 _a341.6
_bDIN
100 _aDinstein Yoram
245 _aNon-international armed conflicts in international law
260 _aCambridge
_bCambridge University Press
_c2014
300 _a264p
_cxxviii
365 _bRs. 3,135
505 _aContents; Preface; Table of cases; Table of treaties; Table of Security Council resolutions; Table of General Assembly resolutions; Abbreviations; 1. The framework; 2. The preconditions of a NIAC; 3. Thresholds and interaction of armed conflicts; 4. Insurgent armed groups and individuals; 5. Foreign intervention in a NIAC; 6. Recognition; 7. State responsibility; 8. The principal LONIAC treaty provisions; 9. Additional treaty texts; 10 .NIAC war crimes; 11. LONIAC customary international law; 12. LONIAC and human rights law; Conclusions; Index of persons; Index of subjects;
650 _a1. War - International Law 2. War - Victims - Lgal Status 3. Intevention - International Law
700 _a
_a
942 _2ddc
_cBK